|
|
|
|
| LEADER |
00745cam a2200217 7i4500 |
| 001 |
0000030974 |
| 005 |
20140701090000.0 |
| 020 |
0 |
0 |
|a 978174220095
|
| 090 |
0 |
0 |
|a WESA 910.202
|b OMA
|
| 245 |
0 |
0 |
|a Oman, UAE & Arabian Peninsula :
|b lonely planet.
|
| 250 |
0 |
0 |
|a 4th ed..
|
| 260 |
0 |
0 |
|a Victoria:
|b Lonely Planet Publications,
|c 2013.
|
| 300 |
# |
# |
|a 527 p.
|
| 440 |
0 |
0 |
|a Lonely planet
|
| 650 |
0 |
0 |
|a Oman --
|x Description and travel --
|x Guidebooks
|
| 650 |
0 |
0 |
|a United Arab Emirates --
|x Description and travel --
|x Guidebooks
|
| 650 |
0 |
0 |
|a Arabian Peninsula --
|x Description and travel --
|x Guidebooks
|
| 651 |
0 |
0 |
|a Oman
|
| 651 |
0 |
0 |
|a United Arab Emirates
|
| 651 |
0 |
0 |
|a Arabian Peninsula
|
| 999 |
|
|
|a B000034253
|b Book
|c Countries
|e Business Information Centre
|